MARC

LEADER 00000nam0a2200000 4500
001 374634
005 20231102012651.0
010 |a 5020266485 
035 |a (RuTPU)RU\TPU\retro\32068 
035 |a RU\TPU\book\226128 
090 |a 374634 
100 |a 20221219d1990 k y0rusy50 ca 
101 0 |a rus 
102 |a RU 
105 |a a z 001zy 
200 1 |a Антропогенные преобразования водных экосистем Кольского Севера  |e монография  |f Т. И. Моисеенко, В. А. Яковлев  |g Академия наук СССР, Институт проблем промышленной экологии Севера ; под ред. В. А. Румянцева 
210 |a Ленинград  |c Наука  |d 1990 
215 |a 221 с.  |c ил. 
320 |a Библиогр.: с. 208-217. 
610 1 |a экология 
610 1 |a водные экосистемы 
610 1 |a антропогенные преобразования 
610 1 |a Кольский регион 
610 1 |a озера 
610 1 |a геохимические характеристики 
610 1 |a флора 
610 1 |a рыбы 
610 1 |a сточные воды 
610 1 |a водоросли 
610 1 |a донные отложения 
610 1 |a химический состав 
675 |a 504.4  |v 3 
700 1 |a Моисеенко  |b Т. И.  |g Татьяна Ивановна 
701 1 |a Яковлев  |b В. А.  |g Валерий Анатольевич 
702 1 |a Румянцев  |b В. А.  |4 340 
712 0 2 |a Академия наук СССР  |b Институт проблем промышленной экологии Севера  |2 stltpush  |3 (RuTPU)RU\TPU\col\17798  |9 26793 
801 2 |a RU  |b 63413507  |c 20221219  |g RCR 
942 |c BK